000 00889nam a2200253Ia 4500
003 OSt
005 20221005113103.0
006 a|||||r|||| 00| 0
007 ta
008 221004b |||||||| |||| 00| 0 pan d
020 _a81876541929 (hbk)
_c400
024 _a11376
037 _b818, 13/03/2014, H.K. Prakashan
_cTextual
040 _aCRL
_cCRL
_bpan
041 _2pan
_apan
082 _aO153,3NAM,BD, Q1
100 _aਅਮੋਸੋਵ, ਨਿਕੋਲਾਈ
245 0 _aਬਾਤਾਂ ਦਿਲ ਦਿਮਾਗ ਦੀਆਂ
260 _aਦਿੱਲੀ
_bਮਨਪ੍ਰੀਤ ਪ੍ਰਕਾFਨ ਭਾਰਤ
_c2011
300 _a216ਪੰ
_ccm.
650 _aਪੰਜਾਬੀ ਸਾਹਿਤ
942 _hO153,3NAM,BD, Q1
_cTEXL
_2cc
999 _c1026998
_d1026998